| 000 -CABECERA |
| Longitud fija campo de control |
00756nam a2200181 a 4500 |
| 003 - IDENTIFICADOR DEL NÚMERO DE CONTROL |
| Identificador del número de control |
OSt |
| 005 - FECHA Y HORA DE LA ÚLTIMA TRANSACCIÓN |
| Fecha y hora de la última transacción |
20211227122303.0 |
| 008 - CÓDIGOS DE INFORMACIÓN DE LONGITUD FIJA |
| Códigos de información de longitud fija |
A00321s1972 sp 000 spa |
| 016 ## - NÚMERO DE CONTROL DE UNA AGENCIA BIBLIOGRÁFICA NACIONAL |
| Número de control del registro |
DL M9662-1972 |
| 040 ## - FUENTE DE LA CATALOGACIÓN |
| Lengua de catalogación |
cat |
| Centro transcriptor |
CDMR |
| 100 ## - PUNTO DE ACCESO PRINCIPAL-NOMBRE DE PERSONA |
| Nombre de persona |
Suárez, Fernando |
| 9 (RLIN) |
4801 |
| 245 10 - MENCIÓN DE TÍTULO |
| Título |
La prensa y el contraste de pareceres: Conferencia en el XXV curso, organizado por la Escuela Oficial de Periodismo de Madrid, en la Universidad Internacional Menéndez Pelayo de Santander, julio 1971 / |
| Mención de responsabilidad, etc. |
por Fernando Suárez |
| 260 ## - PUBLICACIÓN, DISTRIBUCIÓN, ETC. (PIE DE IMPRENTA) |
| Lugar de publicación, distribución, etc. |
Madrid : |
| Nombre del editor, distribuidor, etc. |
Publicaciones de la Secretaría de la Escuela de Periodismo, |
| Fecha de publicación, distribución, etc. |
1972 |
| 300 ## - DESCRIPCIÓN FÍSICA |
| Extensión |
18 pàgines |
| Dimensiones |
; 22 cm |
| 650 00 - PUNTO DE ACCESO ADICIONAL DE MATERIA - TÉRMINO DE MATERIA |
| Término de materia o nombre geográfico como elemento inicial |
Llibertat d'impremta |
| 9 (RLIN) |
4150 |
| Subdivisión geográfica |
Espanya |
| Subdivisión cronológica |
1971 |
| 710 2# - PUNTO DE ACCESO ADICIONAL - NOMBRE DE ENTIDAD |
| Nombre de entidad o nombre de jurisdicción como elemento inicial |
Escuela Oficial de Periodismo |
| 9 (RLIN) |
2816 |
| 942 ## - ENTRADA DE ELEMENTOS AGREGADOS (KOHA) |
| Fuente de clasificaión o esquema |
|
| Koha [por defecto] tipo de item |
Fullets |